000 00542pab a2200193 454500
008 180718b2012 xxu||||| |||| 00| 0 eng d
100 _aBowan, Ann O'M
245 _aAre us cities losing power and authority? Perceptions of local government actors
260 _c2012
300 _ap.528-546.
362 _aJul
650 _aUrban areas - United states
650 _aLocal government - United states
650 _aLocal government
700 _aKearney, Richard C.
773 _aUrban Affairs Review
908 _aN
909 _a97854
999 _c97853
_d97853